NBA General Knowledge #2 - Statistics

General Stats
  • This quiz has been taken 6 times
  • The average score is 11 of 25
Answer Stats
Hint Answer % Correct
Who was forced to retire in 2017 due to reoccurring blood clotting Chris Bosh
100%
Only 70 win team to not win the nba championship Golden State Warriors
100%
Which nba player was nicknamed "The Flash" Dwyane Wade
83%
Which team did Dwight Howard go to after he left the magic Houston Rockets
83%
Which team did the lakers beat in the 2001 WCF Portland Trail Blazers
83%
1997 #1 pick Tim Duncan
83%
Brooklyn nets all time leading scorer Brook Lopez
67%
Which team did the lakers beat in the 1980 nba finals Philadelphia 76ers
67%
Who won the 1973 finals mvp Dave Cowens
50%
Who had the most recent 30 & 30 game Dwight Howard
50%
Michael Jordans middle name Jeffery
50%
Which nba team did Phil Jackson win 2 rings with New York Knicks
50%
Who lost the 2012 nba finals Oklahoma CIty Thunder
50%
Bulls starting point guard during the second 3-peat Ron Harper
50%
Wears gangster clothes Allen Iverson
33%
Which nba is known for bringing a gun to practice Gilbert Arenas
33%
1979 nba champions Super Sonics
33%
Which nba player has the nickname the "Kum Bucket" Jonathan Kuminga
17%
2002 rookie of the year Pau Gasol
17%
Which nba player is the 3rd in all time leading scorer for the Utah Jazz Adrian Dantley
0%
Only undrafted rookie to have a triple double Austin Reaves
0%
1958 finals mvp Bob Petit
0%
Who's nickname was 'Bad Porn' Corey Maggette
0%
Which duo took the Utah Jazz to the playoffs many times in the mid 2000s Deron Williams and Carlos Boozer
0%
Who is 4th in all time rebounding Elvin Hsyes
0%
No matching quizzes found
Score Distribution
Percent of People with Each Score
Percentile by Number Answered
Your Score History
You have not taken this quiz